| 000 | 00791nam a2200301Ia 4500 | ||
|---|---|---|---|
| 008 | 170711s9999 xx 000 0 und d | ||
| 020 | _a9781426208102 | ||
| 050 | _a500 | ||
| 050 | _bF394 2011 | ||
| 100 | _aFerris, Timothy | ||
| 245 | 4 | _aThe big idea : | |
| 245 | _bhow breakthroughs of the past shape the future / | ||
| 245 | _cTimothy Ferris. | ||
| 260 | _aUSA : | ||
| 260 | _bNational Geographic, | ||
| 260 | _c2011 | ||
| 300 | _a319 pages : | ||
| 300 | _bcolor illustrations ; | ||
| 300 | _c28cm. | ||
| 500 | _aIncludes index. | ||
| 650 | _aDiscoveries in science -- | ||
| 650 | _aDiscoveries in science -- | ||
| 650 | _aDiscoveries in science -- | ||
| 650 | _xHistory -- Chronology. | ||
| 650 | _xHistory. | ||
| 650 | _xSocial aspects. | ||
| 700 | _aTitle. | ||
| 999 |
_c339856 _d339856 |
||